000 00817nam a22002177a 4500
003 OSt
005 20251128080938.0
008 240817b ||||| |||| 00| 0 eng d
040 _c0
082 _aDPer 510.5 Am351 February - April 2019 v. 141 n. 1-2
100 _aLuo, Wenzhi.
_eauthor.
_958137
245 _aOn the hecke eigenvalues of Maass forms /
_cWenzhi Luo and Fan Zhou.
260 _aBaltimore, Maryland U.S. ;
_bJohns Hopkins University Press,
_c April 2019.
300 _aVolume 141, pages 485-501 :
_billustration ;
_c26 cm.
500 _aAmerican Journal of Mathematics, vol. 141, no. 2, pages 485-502, April 2019.
650 0 _aMathematics.
_91041
650 0 _aMathematical ability.
_950019
700 _aLuo, Wenzhi.
_eauthor.
_958137
700 _aZhou, Fan.
_eauthor.
_958138
942 _2ddc
_cPER
999 _c20595
_d20595